| 000 | 00628nam a2200181Ia 4500 | ||
|---|---|---|---|
| 005 | 20250923144624.0 | ||
| 008 | 008 250917s9999 xx 000 0 eng d | ||
| 037 | _aTextual | ||
| 040 |
_aDSWL _beng _cDSWL |
||
| 041 |
_aeng _2eng |
||
| 084 |
_aX:S:Z2, J7 _qDSWL |
||
| 100 |
_aBhasin, T.R. _9826737 |
||
| 245 | 0 |
_aEvolutionary perspective of labour legislation and policy in India 1850 to 1956 _cby T.R. Bhasin |
|
| 260 |
_aNew Delhi _bIndustrial Legal Aid & Advice Institute, Delito Building, Asaf Ali Road _c1957 |
||
| 300 | _ax,iv,79p. | ||
| 942 |
_cTEXL _hX:S:Z2, J7 |
||
| 999 |
_c1441287 _d1441287 |
||